ფულის მიმოქცევის რეგულირების გაუმჯობესების გზები საქართველოში / (ბიბ.ჩანაწერი № 36388)
[ მარტივი ფორმატი ]
| 000 -ლიდერი | |
|---|---|
| ფიქსირებული სიგრძის საკონტროლო ველი | 00982nam a2200241Ia 4500 |
| 001 - საკონტროლო ნომერი | |
| საკონტროლო ველი | 2302 |
| 003 - საკონტროლო ნომრის იდენტიფიკატორი | |
| საკონტროლო ველი | GE_BSU |
| 005 - ბოლო ოპერაციის თარიღი და დრო | |
| საკონტროლო ველი | 20190527203108.0 |
| 008 - ფიქსირებული სიგრძის მონაცემთა ელემენტები - ზოგადი ინფორმაცია | |
| ფიქსირებული სიგრძის საკონტროლო ველი | 181216s2011||||ge |||||||||||||| ||geo|| |
| 020 ## - წიგნის საერთაშორისო სტანდარტული ნომერი | |
| International Standard Book Number | 9789941175091 |
| 040 ## - კატალოგიზაციის წყარო | |
| Transcribing agency | GE_BSU |
| 041 ## - ენის კოდი | |
| Language code of text/sound track or separate title | geo |
| 080 ## - უნივერსალური ათობითი კლასიფიკაციის ინდექსი | |
| Universal Decimal Classification number | 336.7(479.22) თ–15 |
| 100 ## - მთავარი ჩანაწერი - პიროვნების სახელი | |
| Personal name | თავაძე, ირინე |
| 9 (RLIN) | 1687 |
| 245 ## - ცნობა სათაურის შესახებ | |
| Title | ფულის მიმოქცევის რეგულირების გაუმჯობესების გზები საქართველოში / |
| Statement of responsibility, etc | ირინე თავაძე; რედ. გოჩა თუთბერიძე. |
| 264 ## - წარმოების, გამოცემის, დისტრიბუციის და სხვა ცნობები | |
| გამოცემის, წარმოების, დისტრიბუციის... ადგილი | თბილისი : |
| გამოცემის, წარმოების, დისტრიბუციის... სახელწოდება | უნივერსალი, |
| გამოცემის, წარმოების, დისტრიბუციის... თარიღი | 2011. |
| 300 ## - ფიზიკური აღწერა | |
| Extent | 187 გვ.; |
| Other physical details | 19 სმ. |
| 653 ## - INDEX TERM--UNCONTROLLED | |
| Uncontrolled term | ეკონომიკა |
| 653 ## - INDEX TERM--UNCONTROLLED | |
| Uncontrolled term | ფულის მიმოქცევა |
| 653 ## - INDEX TERM--UNCONTROLLED | |
| Uncontrolled term | ფინანსები |
| 700 ## - ADDED ENTRY--PERSONAL NAME | |
| Personal name | თუთბერიძე, გოჩა |
| 9 (RLIN) | 1688 |
| 942 ## - ADDED ENTRY ELEMENTS (KOHA) | |
| Koha item type | წიგნი |
| Source of classification or shelving scheme | |
| ჩამოწერის სტატუსი | დაკარგული ეგზემპლარის სტატუსი | კლასიფიკაციის წყარო ან თაროზე გაწყობის სქემა | დაზიანების სტატუსი | არ გაიცემა | მუდმივი მდებარეობა (დაცვის ადგილი) | ამჟამინდელი ადგილსამყოფელი | თაროზე განთავსების ადგილი | შეძენის თარიღი | ღირებულება, შესყიდვის ნორმალური ფასი | სრული შენახვის შიფრი | შტრიხკოდი | ბოლო ოპერაციის თარიღი | ეგზემპლარის მიმდევრობითი ნომერი (კეტერი?) | ფასის ძალაში შესვლის თარიღი | ეგზემპლარის სახეობა | საჯარო შენიშვნა |
|---|---|---|---|---|---|---|---|---|---|---|---|---|---|---|---|---|
| ბათუმის შოთა რუსთაველის სახელმწიფო უნივერსიტეტის მთავარი ბიბლიოთეკა | ბათუმის შოთა რუსთაველის სახელმწიფო უნივერსიტეტის მთავარი ბიბლიოთეკა | წიგნსაცავი | 2018-12-17 | 8.00 | 336.7(479.22) თ–15 | 4416 | 2018-12-17 | 4416 | 2018-12-17 | წიგნი | 8 ლ. | |||||
| ბათუმის შოთა რუსთაველის სახელმწიფო უნივერსიტეტის მთავარი ბიბლიოთეკა | ბათუმის შოთა რუსთაველის სახელმწიფო უნივერსიტეტის მთავარი ბიბლიოთეკა | წიგნსაცავი | 2018-12-17 | 8.00 | 336.7(479.22) თ–15 | 4417 | 2018-12-17 | 4417 | 2018-12-17 | წიგნი | 8 ლ. | |||||
| ბათუმის შოთა რუსთაველის სახელმწიფო უნივერსიტეტის მთავარი ბიბლიოთეკა | ბათუმის შოთა რუსთაველის სახელმწიფო უნივერსიტეტის მთავარი ბიბლიოთეკა | წიგნსაცავი | 2018-12-17 | 8.00 | 336.7(479.22) თ–15 | 4418 | 2018-12-17 | 4418 | 2018-12-17 | წიგნი | 8 ლ. | |||||
| ბათუმის შოთა რუსთაველის სახელმწიფო უნივერსიტეტის მთავარი ბიბლიოთეკა | ბათუმის შოთა რუსთაველის სახელმწიფო უნივერსიტეტის მთავარი ბიბლიოთეკა | წიგნსაცავი | 2018-12-17 | 8.00 | 336.7(479.22) თ–15 | 4419 | 2018-12-17 | 4419 | 2018-12-17 | წიგნი | 8 ლ. | |||||
| ბათუმის შოთა რუსთაველის სახელმწიფო უნივერსიტეტის მთავარი ბიბლიოთეკა | ბათუმის შოთა რუსთაველის სახელმწიფო უნივერსიტეტის მთავარი ბიბლიოთეკა | წიგნსაცავი | 2018-12-17 | 8.00 | 336.7(479.22) თ–15 | 27595 | 2018-12-17 | 27595 | 2018-12-17 | წიგნი | 8 ლ. |
